Andrew Garfield Movies - Statistics

General Stats
  • This quiz has been taken 321 times
    111 since last reset
  • The average score is 8 of 21
Answer Stats
Year Movie % Correct
2012 The Amazing Spider-Man
100%
2014 The Amazing Spider-Man 2
85%
2021 Spider-Man: No Way Home
76%
2021 tick, tick...Boom!
68%
2016 Hacksaw Ridge
67%
2010 The Social Network
57%
TBD We Live in Time
33%
2016 Silence
30%
2018 Under the Silver Lake
30%
2020 Mainstream
29%
2010 Never Let Me Go
29%
2014 99 Homes
27%
2007 Boy A
23%
2021 The Eyes of Tammy Faye
22%
2017 Breathe
20%
2009 The Imaginarium of Doctor Parnassus
18%
2007 Lions for Lambs
16%
2008 The Other Boleyn Girl
12%
TBD Frankenstein
9%
TBD Voyagers
6%
2013 Her
5%
No matching quizzes found
Score Distribution
Percent of People with Each Score
Percentile by Number Answered
Your Score History
You have not taken this quiz since the last reset